[Event "South Wales New Year Open "]
[Site "Bridgend"]
[Date "2017.01.07"]
[Round "2.16"]
[White "Parry, Matthew"]
[Black "Jukes, Sam"]
[Result "1-0"]
[WhiteElo "1901"]
[BlackElo "1730"]
[PlyCount "71"]
[EventDate "2017.01.06"]
[EventType "swiss"]
[EventRounds "5"]
[EventCountry "WLS"]
[SourceDate "2017.01.06"]

1. d4 Nf6 2. c4 g6 3. Nc3 Bg7 4. e4 d6 5. f4 O-O 6. Nf3 c5 7. d5 e6 8. e5 dxe5
9. fxe5 Ng4 10. Bg5 f6 11. exf6 Bxf6 12. Bxf6 Qxf6 13. Qd2 Nd7 14. Ne4 Qf4 15.
Qxf4 Rxf4 16. Nd6 exd5 17. cxd5 Ne3 18. Rc1 Kf8 19. Ng5 Ke7 20. Nde4 h6 21. d6+
Ke8 22. g3 Rf5 23. Ne6 Kf7 24. Nc7 Rb8 25. Kd2 Nd5 26. Bh3 Re5 27. Rhf1+ N7f6
28. d7 Bxd7 29. Bxd7 Rxe4 30. Rxc5 Rd4+ 31. Kc1 Ne3 32. Be6+ Ke7 33. Re1 Kd6
34. Rc3 Ned5 35. Nb5+ Ke7 36. Bxd5+ 1-0

[Event "South Wales New Year Open "]
[Site "Bridgend"]
[Date "2017.01.07"]
[Round "3.1"]
[White "Toczek, Grzegorz"]
[Black "Brown, Thomas"]
[Result "1-0"]
[WhiteElo "2229"]
[BlackElo "2065"]
[PlyCount "101"]
[EventDate "2017.01.06"]
[EventType "swiss"]
[EventRounds "5"]
[EventCountry "WLS"]
[SourceDate "2017.01.06"]

1. d4 c6 2. g3 d5 3. Bg2 Nf6 4. Nd2 g6 5. Ngf3 Bg7 6. O-O O-O 7. c4 Ne4 8. Qb3
Nxd2 9. Bxd2 dxc4 10. Qxc4 Bg4 11. Bc3 Nd7 12. h3 Bf5 13. Rfd1 Be4 14. Qb3 Qb6
15. Qa3 Rfe8 16. Rac1 Qb5 17. e3 Qd5 18. Ne1 Bxg2 19. Nxg2 g5 20. Qa5 Nb6 21.
Qxd5 cxd5 22. Bb4 a5 23. Be1 Nc4 24. b3 Nd6 25. Rc5 e6 26. Rxa5 Rxa5 27. Bxa5
Ra8 28. Bb4 Bf8 29. Bxd6 Bxd6 30. a4 b5 31. axb5 Rb8 32. Ne1 Rxb5 33. Rb1 Kg7
34. Nd3 Bb4 35. Kg2 h6 36. Kf3 f6 37. Ra1 Bf8 38. b4 e5 39. Ra7+ Kg8 40. dxe5
fxe5 41. Nxe5 Rxb4 42. Rd7 Rb5 43. Kg4 Bg7 44. Nc6 Kh7 45. Ne7 Rb4+ 46. f4 gxf4
47. exf4 Rb6 48. Nf5 Rg6+ 49. Kh5 d4 50. g4 d3 51. Rxd3 1-0

[Event "South Wales New Year Open "]
[Site "Bridgend"]
[Date "2017.01.07"]
[Round "3.2"]
[White "Young, Alan"]
[Black "Sands, David A"]
[Result "1/2-1/2"]
[WhiteElo "2020"]
[BlackElo "2127"]
[PlyCount "49"]
[EventDate "2017.01.06"]
[EventType "swiss"]
[EventRounds "5"]
[EventCountry "WLS"]
[SourceDate "2017.01.06"]

1. e4 c5 2. Nf3 e6 3. d4 cxd4 4. Nxd4 Nc6 5. Nc3 Qc7 6. g3 a6 7. Bg2 d6 8. O-O
Bd7 9. Re1 Be7 10. Nxc6 Bxc6 11. Bf4 e5 12. Be3 h6 13. f4 Nf6 14. fxe5 dxe5 15.
Nd5 Bxd5 16. exd5 O-O 17. Rc1 Rad8 18. c4 b6 19. Kh1 a5 20. a3 Rfe8 21. Bd2 Bc5
22. Be3 Rd6 23. h3 Nd7 24. Be4 Nf6 25. Bg2 1/2-1/2

[Event "South Wales New Year Open "]
[Site "Bridgend"]
[Date "2017.01.07"]
[Round "3.3"]
[White "Bullen, Alex"]
[Black "Dixon, Chris"]
[Result "1/2-1/2"]
[WhiteElo "2105"]
[BlackElo "1799"]
[PlyCount "57"]
[EventDate "2017.01.06"]
[EventType "swiss"]
[EventRounds "5"]
[EventCountry "WLS"]
[SourceDate "2017.01.06"]

1. e4 d6 2. d4 Nf6 3. Nc3 g6 4. Nf3 Bg7 5. h3 O-O 6. Be3 a6 7. a4 b6 8. e5 Nfd7
9. Qd2 Bb7 10. exd6 exd6 11. Be2 Nf6 12. Bh6 Nbd7 13. h4 Qe7 14. h5 Rfe8 15.
hxg6 fxg6 16. Bxg7 Qxg7 17. O-O-O d5 18. Ng5 Nf8 19. Bf3 Re7 20. Nh3 Rae8 21.
g4 Ne4 22. Bxe4 dxe4 23. Rhe1 Nd7 24. g5 Qf7 25. Kb1 Qf5 26. Re3 b5 27. Ne2
bxa4 28. Rc3 Nb6 29. Nhf4 1/2-1/2

[Event "South Wales New Year Open "]
[Site "Bridgend"]
[Date "2017.01.07"]
[Round "3.4"]
[White "Ralphs, Nigel"]
[Black "Ray, Hiya"]
[Result "1-0"]
[WhiteElo "2059"]
[BlackElo "1435"]
[PlyCount "79"]
[EventDate "2017.01.06"]
[EventType "swiss"]
[EventRounds "5"]
[EventCountry "WLS"]
[SourceDate "2017.01.06"]

1. e4 c5 2. Nf3 d6 3. Bb5+ Bd7 4. Bxd7+ Nxd7 5. O-O Ngf6 6. Qe2 Rc8 7. Rd1 Qc7
8. c4 g6 9. Nc3 Bg7 10. b3 O-O 11. Bb2 Rfd8 12. d4 b6 13. d5 a6 14. a4 Nf8 15.
Nd2 e6 16. Re1 exd5 17. cxd5 Qb7 18. Nc4 Qc7 19. Nxd6 Qxd6 20. e5 Qd7 21. exf6
Bxf6 22. Ne4 Bg7 23. Bxg7 Kxg7 24. Qb2+ Kh6 25. Re3 Re8 26. Nf6 Rxe3 27. Nxd7
Re7 28. Nxf8 Rce8 29. Ne6 fxe6 30. d6 Rd7 31. Qe5 Rf7 32. Rd1 Rf5 33. d7 Rd8
34. Qxe6 Rff8 35. Rd3 Kg7 36. Qe7+ Kg8 37. Rh3 h5 38. Rg3 Kh8 39. Rxg6 Rg8 40.
Rh6# 1-0

[Event "South Wales New Year Open "]
[Site "Bridgend"]
[Date "2017.01.07"]
[Round "3.5"]
[White "White, Ernest M"]
[Black "Fathallah, Joe"]
[Result "0-1"]
[WhiteElo "1889"]
[BlackElo "1995"]
[PlyCount "100"]
[EventDate "2017.01.06"]
[EventType "swiss"]
[EventRounds "5"]
[EventCountry "WLS"]
[SourceDate "2017.01.06"]

1. e4 e6 2. d4 d5 3. e5 c5 4. c3 Nc6 5. Nf3 Bd7 6. a3 c4 7. Be2 f6 8. O-O Qb6
9. Nbd2 Na5 10. Rb1 Rc8 11. Re1 Be7 12. Qc2 Nh6 13. exf6 Bxf6 14. Ne5 Bxe5 15.
dxe5 O-O 16. Nf3 Be8 17. Be3 Qb3 18. Qd2 Bg6 19. Nd4 Qb6 20. Rbd1 Nb3 21. Nxb3
Qxb3 22. Bxh6 gxh6 23. Bg4 Rce8 24. Rc1 Re7 25. Re3 h5 26. Bd1 Qb6 27. Rf3 Ref7
28. Rxf7 Rxf7 29. Bf3 Qd8 30. Re1 Qh4 31. g3 Qd8 32. Bg2 h4 33. gxh4 Qxh4 34.
Qe3 b6 35. Qg3 Qe7 36. Qe3 Rg7 37. Kh1 Bf5 38. Rg1 Qc5 39. Qxc5 bxc5 40. Re1 d4
41. cxd4 cxd4 42. Be4 Bxe4+ 43. Rxe4 Rd7 44. Re2 d3 45. Rd2 Rb7 46. Kg2 Rxb2
47. Rxb2 c3 48. Rb8+ Kg7 49. Kf3 c2 50. Rb7+ Kh6 0-1

[Event "South Wales New Year Open "]
[Site "Bridgend"]
[Date "2017.01.07"]
[Round "3.7"]
[White "Qiu, Anlan"]
[Black "Turner, Joseph David"]
[Result "0-1"]
[WhiteElo "1598"]
[BlackElo "1932"]
[PlyCount "84"]
[EventDate "2017.01.06"]
[EventType "swiss"]
[EventRounds "5"]
[EventCountry "WLS"]
[SourceDate "2017.01.06"]

1. e4 Nc6 2. Nf3 f5 3. exf5 d5 4. Bb5 Bxf5 5. Ne5 Bd7 6. Qh5+ g6 7. Nxg6 Nf6 8.
Qh4 hxg6 9. Qxh8 Nd4 10. Bd3 Bf5 11. Bxf5 Nxf5 12. Qh3 Qd6 13. O-O Kf7 14. d3
Bg7 15. g3 Rh8 16. Qg2 Ng4 17. h3 Nd4 18. Nc3 Ne5 19. f4 Nd7 20. Be3 Nf5 21.
Bf2 c6 22. Kh2 Nf6 23. Qf3 Qd7 24. g4 Nd6 25. Kg2 b5 26. Bd4 a5 27. Rfe1 b4 28.
Na4 Nb5 29. Be5 Qa7 30. Re2 Rc8 31. Rae1 Re8 32. Qe3 d4 33. Qf3 Nd5 34. Bxg7
Kxg7 35. Qe4 Nd6 36. Qe5+ Kh7 37. c4 bxc3 38. bxc3 dxc3 39. Nxc3 Nf7 40. Qe6
Nd8 41. Qe5 Nf7 42. Qe6 Nxf4+ 0-1

[Event "South Wales New Year Open "]
[Site "Bridgend"]
[Date "2017.01.07"]
[Round "3.6"]
[White "Rodriguez, Juan Talavera"]
[Black "Pleasants, Allan J"]
[Result "1/2-1/2"]
[WhiteElo "2003"]
[BlackElo "2018"]
[PlyCount "86"]
[EventDate "2017.01.06"]
[EventType "swiss"]
[EventRounds "5"]
[EventCountry "WLS"]
[SourceDate "2017.01.06"]

1. e4 d6 2. d4 Nf6 3. Nc3 e5 4. dxe5 dxe5 5. Qxd8+ Kxd8 6. Bc4 Be6 7. Bxe6 fxe6
8. Be3 Bd6 9. O-O-O Ke7 10. f3 a6 11. Nh3 Nbd7 12. Rd2 h6 13. Rhd1 g5 14. Nf2
Nh5 15. Na4 b5 16. Nb6 Nxb6 17. Bxb6 Nf6 18. Be3 Rag8 19. Nd3 Nd7 20. b4 Nb6
21. Bxb6 cxb6 22. a3 Rc8 23. Kb2 Rc6 24. Ne1 a5 25. c3 Rhc8 26. Rd3 Rg8 27. h3
a4 28. Nc2 h5 29. Ne3 Rd8 30. R1d2 Bc7 31. Kc2 Rxd3 32. Rxd3 Ke8 33. Kb2 Bd8
34. Rd2 Be7 35. Rd1 Rc7 36. Nc2 Kf7 37. Ne3 Kg6 38. Kc2 Kf7 39. Rd3 Ke8 40. Nf1
Kf7 41. Ne3 Kg6 42. Kd2 Kf7 43. Ke2 Kg6 1/2-1/2

[Event "South Wales New Year Open "]
[Site "Bridgend"]
[Date "2017.01.07"]
[Round "3.8"]
[White "Waterfield, John W"]
[Black "Sivarajasingam, Venetia"]
[Result "1/2-1/2"]
[WhiteElo "1983"]
[BlackElo "1668"]
[PlyCount "146"]
[EventDate "2017.01.06"]
[EventType "swiss"]
[EventRounds "5"]
[EventCountry "WLS"]
[SourceDate "2017.01.06"]

1. e4 e6 2. d4 d5 3. Nd2 dxe4 4. Nxe4 Nd7 5. Bd3 Ngf6 6. Qe2 Nxe4 7. Bxe4 c5 8.
Be3 Qb6 9. O-O-O Nf6 10. Qd3 c4 11. Qxc4 Nxe4 12. d5 Qb4 13. Qxb4 Bxb4 14. Rd4
Bd2+ 15. Rxd2 Nxd2 16. Kxd2 exd5 17. Bd4 f6 18. Ne2 Bf5 19. Nf4 Kf7 20. c3 Rhd8
21. h4 b5 22. b4 Rd7 23. a4 a5 24. axb5 axb4 25. cxb4 Ra2+ 26. Kc3 Rd8 27. Kb3
Raa8 28. Bb2 Ra7 29. b6 Rb7 30. Bd4 Rc8 31. Ra1 Ke8 32. Ra7 Rxa7 33. bxa7 Bd7
34. Bc5 Bc6 35. Ne6 Kf7 36. Nd4 Ba8 37. Ka4 Ke8 38. Ka5 Kd7 39. Ka6 g6 40. g3
f5 41. Nb3 Re8 42. b5 Kc8 43. b6 Bb7+ 44. Kb5 Re2 45. Na5 Rb2+ 46. Ka4 Rd2 47.
Kb4 d4 48. Kc4 Rxf2 49. Kxd4 f4 50. g4 Rg2 51. Nxb7 Kxb7 52. Ke4 Rc2 53. Bd6
Rc4+ 54. Kf3 Rc6 55. Bc7 Rf6 56. g5 Rf5 57. Bxf4 Rf8 58. Ke4 Kxb6 59. Bb8 Kb7
60. Ke5 Rf1 61. Ke6 Rh1 62. Kf7 Rxh4 63. Kg7 Rh5 64. Kg8 Rxg5 65. Kxh7 Rg1 66.
Kh6 g5 67. Kh5 Rg2 68. Kh6 Rg1 69. Kh5 g4 70. Kh4 Rg2 71. Kg5 Rg1 72. Kf4 Rg2
73. Kg5 Rg1 1/2-1/2

[Event "South Wales New Year Open "]
[Site "Bridgend"]
[Date "2017.01.07"]
[Round "3.9"]
[White "Thomas, Roy"]
[Black "Taylor, Robert Graham"]
[Result "0-1"]
[WhiteElo "1728"]
[BlackElo "1955"]
[PlyCount "88"]
[EventDate "2017.01.06"]
[EventType "swiss"]
[EventRounds "5"]
[EventCountry "WLS"]
[SourceDate "2017.01.06"]

1. f4 c5 2. Nf3 Nc6 3. e4 d6 4. Be2 Nf6 5. d3 e6 6. O-O Be7 7. Nc3 Qc7 8. Bd2
a6 9. a4 Bd7 10. Qe1 O-O 11. Qg3 Nd4 12. Bd1 Nh5 13. Qh3 g6 14. g4 Ng7 15. Qh6
f5 16. exf5 gxf5 17. g5 Bc6 18. h4 Rf7 19. h5 Ne8 20. g6 Rg7 21. Kf2 Nxf3 22.
Bxf3 Bh4+ 23. Ke2 Qe7 24. Rg1 Bxf3+ 25. Kxf3 d5 26. Be1 Bf6 27. Bf2 d4 28. Ne2
Rd8 29. Rae1 Qd7 30. gxh7+ Kh8 31. Rxg7 Qxg7 32. Qxg7+ Bxg7 33. Ng3 Nc7 34. Rh1
Kxh7 35. Ne2 Bf6 36. Ng1 Rg8 37. Bh4 Bxh4 38. Rxh4 Rxg1 39. b3 Nd5 40. Kf2 Rg7
41. Kf3 a5 42. Kf2 Kh6 43. Kf3 b6 44. Kf2 Rg4 0-1

[Event "South Wales New Year Open "]
[Site "Bridgend"]
[Date "2017.01.07"]
[Round "3.10"]
[White "Lewis, David Rhys"]
[Black "Parry, Matthew"]
[Result "1/2-1/2"]
[WhiteElo "1948"]
[BlackElo "1901"]
[PlyCount "47"]
[EventDate "2017.01.06"]
[EventType "swiss"]
[EventRounds "5"]
[EventCountry "WLS"]
[SourceDate "2017.01.06"]

1. e4 Nf6 2. e5 Nd5 3. Nc3 Nxc3 4. bxc3 d6 5. f4 g6 6. Nf3 Bg7 7. d4 c5 8. Be2
Qc7 9. O-O Bf5 10. Bd3 Bg4 11. Be3 O-O 12. h3 Bxf3 13. Qxf3 Nc6 14. Be4 Rac8
15. Rab1 b6 16. Rfd1 cxd4 17. cxd4 e6 18. exd6 Qxd6 19. d5 Ne7 20. dxe6 Qxe6
21. Rb3 Rc3 22. Bd3 Nd5 23. Bd2 Rc7 24. Re1 1/2-1/2

[Event "South Wales New Year Open "]
[Site "Bridgend"]
[Date "2017.01.07"]
[Round "3.13"]
[White "Probert, Malcolm"]
[Black "Bevan, Peter M"]
[Result "1/2-1/2"]
[WhiteElo "1595"]
[BlackElo "1944"]
[PlyCount "63"]
[EventDate "2017.01.06"]
[EventType "swiss"]
[EventRounds "5"]
[EventCountry "WLS"]
[SourceDate "2017.01.06"]

1. Nf3 Nf6 2. g3 g6 3. Bg2 Bg7 4. c4 O-O 5. O-O d6 6. Nc3 e5 7. d3 h6 8. Rb1 a5
9. a3 Nc6 10. Ne1 Be6 11. Nc2 d5 12. cxd5 Nxd5 13. Ne3 Nce7 14. Qc2 c6 15. Bd2
b5 16. b4 axb4 17. axb4 Nxc3 18. Bxc3 Nd5 19. Nxd5 cxd5 20. Qb2 Qd6 21. Ra1
Rxa1 22. Rxa1 d4 23. Bd2 Bd5 24. Bxd5 Qxd5 25. Qc1 h5 26. Qc5 Rd8 27. Qxd5 Rxd5
28. Ra8+ Kh7 29. Rb8 Bf6 30. Kg2 Bd8 31. Rb7 Kg7 32. Kf3 1/2-1/2

[Event "South Wales New Year Open "]
[Site "Bridgend"]
[Date "2017.01.07"]
[Round "3.14"]
[White "James, Dai"]
[Black "Haigh, Tony"]
[Result "1/2-1/2"]
[WhiteElo "1872"]
[BlackElo "1822"]
[PlyCount "74"]
[EventDate "2017.01.06"]
[EventType "swiss"]
[EventRounds "5"]
[EventCountry "WLS"]
[SourceDate "2017.01.06"]

1. f4 d5 2. Nf3 Nf6 3. g3 g6 4. Bg2 Bg7 5. O-O O-O 6. d4 Nbd7 7. c4 dxc4 8. Nc3
Rb8 9. e4 e6 10. Qa4 Nb6 11. Qc2 Qe7 12. h3 c5 13. Be3 cxd4 14. Nxd4 Bd7 15. a4
e5 16. Ndb5 exf4 17. gxf4 Nc8 18. Nxa7 Nxa7 19. Bxa7 Ra8 20. Bb6 Bc6 21. Rad1
Nd7 22. Bc7 Qc5+ 23. Kh2 Bxa4 24. Nxa4 Qxc7 25. Rd5 Ra5 26. Nc3 Rxd5 27. Nxd5
Qc5 28. e5 b5 29. Qe4 Nb6 30. Rd1 Rd8 31. e6 Nxd5 32. Rxd5 Qe7 33. exf7+ Kxf7
34. Rxb5 Qxe4 35. Bxe4 Rd2+ 36. Kg3 Rxb2 37. Rxb2 Bxb2 1/2-1/2

[Event "South Wales New Year Open "]
[Site "Bridgend"]
[Date "2017.01.07"]
[Round "3.15"]
[White "Evans, Nicholas Thomas"]
[Black "Sivarajasingam, Shayanna"]
[Result "1-0"]
[WhiteElo "1847"]
[BlackElo "1709"]
[PlyCount "101"]
[EventDate "2017.01.06"]
[EventType "swiss"]
[EventRounds "5"]
[EventCountry "WLS"]
[SourceDate "2017.01.06"]

1. d4 d5 2. Nf3 Nf6 3. c4 e6 4. Nc3 Be7 5. Bf4 O-O 6. e3 a6 7. c5 b6 8. b4 Bb7
9. h3 Nbd7 10. Bd3 Ne4 11. Na4 b5 12. Nb2 c6 13. O-O a5 14. a3 a4 15. Qc2 f5
16. Ne5 Nxe5 17. Bxe5 Bf6 18. Bh2 Qc7 19. Be2 g6 20. Nd3 Qg7 21. Be5 Bxe5 22.
Nxe5 Rad8 23. Bd3 Nf6 24. f4 Ne4 25. Bxe4 dxe4 26. Kh2 Qc7 27. g4 Rd5 28. Rg1
Bc8 29. h4 Bd7 30. h5 Be8 31. Rg3 Rf6 32. Kg2 Kf8 33. g5 Rf7 34. hxg6 Rg7 35.
gxh7 Rxh7 36. g6 Rg7 37. Qe2 Qe7 38. Qh5 Qf6 39. Rh1 Ke7 40. Qg5 Qxg5 41. Rxg5
Kf6 42. Rh6 Rd8 43. Kh3 Rc8 44. Kh4 Rcc7 45. Rh8 Rce7 46. Rf8+ Bf7 47. Rxf7+
Rexf7 48. gxf7 Rh7+ 49. Rh5 Rxf7 50. Nxf7 Kxf7 51. Rh7+ 1-0

[Event "South Wales New Year Open "]
[Site "Bridgend"]
[Date "2017.01.07"]
[Round "3.16"]
[White "Jukes, Sam"]
[Black "Jaberansari, Daniel"]
[Result "1-0"]
[WhiteElo "1730"]
[BlackElo "1393"]
[PlyCount "57"]
[EventDate "2017.01.06"]
[EventType "swiss"]
[EventRounds "5"]
[EventCountry "WLS"]
[SourceDate "2017.01.06"]

1. e4 e6 2. d4 d5 3. exd5 exd5 4. Nf3 Bf5 5. Bd3 Bxd3 6. Qxd3 Nf6 7. O-O Nbd7
8. Bg5 Be7 9. Nbd2 O-O 10. Rfe1 Re8 11. c4 c6 12. cxd5 Nxd5 13. Bxe7 Rxe7 14.
Rxe7 Qxe7 15. Re1 Qf8 16. Qb3 N7b6 17. a4 Rb8 18. Ne5 f6 19. a5 fxe5 20. axb6
axb6 21. dxe5 Kh8 22. Nc4 b5 23. Nd6 Qe7 24. Nxb5 Qc5 25. Nd6 Rf8 26. Rf1 Nf4
27. Nf7+ Kg8 28. Nh6+ Kh8 29. Qg8+ 1-0

[Event "South Wales New Year Open "]
[Site "Bridgend"]
[Date "2017.01.08"]
[Round "4.1"]
[White "Fathallah, Joe"]
[Black "Toczek, Grzegorz"]
[Result "0-1"]
[WhiteElo "1995"]
[BlackElo "2229"]
[PlyCount "92"]
[EventDate "2017.01.06"]
[EventType "swiss"]
[EventRounds "5"]
[EventCountry "WLS"]
[SourceDate "2017.01.06"]

1. d4 Nf6 2. c4 d6 3. Nc3 Bf5 4. f3 e5 5. dxe5 dxe5 6. Qxd8+ Kxd8 7. e4 Be6 8.
Be3 c6 9. O-O-O+ Kc7 10. g3 Na6 11. b3 Ba3+ 12. Kb1 Rhd8 13. Nh3 Rxd1+ 14. Nxd1
Rd8 15. Nhf2 Nd7 16. Be2 Ndc5 17. Nb2 f6 18. Rd1 Rxd1+ 19. Nbxd1 Bf7 20. Nb2
Ne6 21. Nbd3 Nac5 22. Nxc5 Bxc5 23. Bxc5 Nxc5 24. Kc2 Ne6 25. Kd3 Kd6 26. Ng4
Kc5 27. Ne3 Nd4 28. Bd1 Kb4 29. Nc2+ Nxc2 30. Kxc2 Ka3 31. Kb1 a5 32. Ka1 a4
33. Kb1 b5 34. cxb5 cxb5 35. Be2 Kb4 36. bxa4 bxa4 37. Bd1 Bc4 38. Kb2 a3+ 39.
Kb1 Kc3 40. Ba4 Be2 41. f4 Bd3+ 42. Kc1 Bc4 43. Kb1 Kd2 44. fxe5 fxe5 45. Bc6
Bd3+ 46. Ka1 Ke3 0-1

[Event "South Wales New Year Open "]
[Site "Bridgend"]
[Date "2017.01.08"]
[Round "4.2"]
[White "Turner, Joseph David"]
[Black "Young, Alan"]
[Result "0-1"]
[WhiteElo "1932"]
[BlackElo "2020"]
[PlyCount "48"]
[EventDate "2017.01.06"]
[EventType "swiss"]
[EventRounds "5"]
[EventCountry "WLS"]
[SourceDate "2017.01.06"]

1. e4 e5 2. f4 exf4 3. Bc4 Nc6 4. Nf3 g5 5. h3 Bg7 6. d4 d6 7. c3 h6 8. b4 Nf6
9. b5 Ne7 10. e5 Ne4 11. exd6 cxd6 12. O-O O-O 13. Re1 Bf5 14. Bd3 d5 15. Ba3
Re8 16. h4 g4 17. Nh2 Ng6 18. Bxe4 dxe4 19. Nxg4 Qxh4 20. Nh2 f3 21. Re3 Nf4
22. Qe1 Qg5 23. g3 Ng2 24. Kf2 Nxe1 0-1

[Event "South Wales New Year Open "]
[Site "Bridgend"]
[Date "2017.01.08"]
[Round "4.3"]
[White "Brown, Thomas"]
[Black "Ralphs, Nigel"]
[Result "1/2-1/2"]
[WhiteElo "2065"]
[BlackElo "2059"]
[PlyCount "81"]
[EventDate "2017.01.06"]
[EventType "swiss"]
[EventRounds "5"]
[EventCountry "WLS"]
[SourceDate "2017.01.06"]

1. d4 d5 2. c4 c6 3. Nf3 Nf6 4. Nc3 dxc4 5. a4 Bf5 6. Ne5 Nbd7 7. Nxc4 Nb6 8.
Nxb6 axb6 9. g3 e5 10. e3 Bb4 11. Bg2 exd4 12. exd4 Qe7+ 13. Be3 Be4 14. O-O
Bxg2 15. Kxg2 O-O 16. Qf3 Qe6 17. Bg5 Nd5 18. Rfe1 Qd7 19. Nxd5 Qxd5 20. Qxd5
cxd5 21. Rec1 Rfc8 22. Bf4 Rc6 23. Bc7 Ra6 24. Kf3 f6 25. Rxc6 bxc6 26. Rc1 c5
27. dxc5 Bxc5 28. b3 Ra7 29. Bf4 Kf7 30. Be3 d4 31. Bd2 d3 32. b4 Bd4 33. Rc4
Rd7 34. Rc1 Ke6 35. Be3 Kd5 36. a5 bxa5 37. bxa5 Ra7 38. Ra1 Kc4 39. Rc1+ Kd5
40. Rd1 Kc4 41. Rc1+ 1/2-1/2

[Event "South Wales New Year Open "]
[Site "Bridgend"]
[Date "2017.01.09"]
[Round "4.4"]
[White "Sands, David A"]
[Black "Rodriguez, Juan Talavera"]
[Result "1/2-1/2"]
[WhiteElo "2127"]
[BlackElo "2003"]
[PlyCount "59"]
[EventDate "2017.01.06"]
[EventType "swiss"]
[EventRounds "5"]
[EventCountry "WLS"]
[SourceDate "2017.01.06"]

1. d4 Nf6 2. c4 e6 3. Nc3 Bb4 4. e3 O-O 5. Nge2 d5 6. a3 Bd6 7. Ng3 c6 8. Be2
e5 9. dxe5 Bxe5 10. O-O Be6 11. cxd5 cxd5 12. Qa4 Nc6 13. Rd1 Qa5 14. Qh4 Rac8
15. Nb5 Ne7 16. Qb4 Qxb4 17. axb4 a6 18. Nd4 Bd7 19. Nh5 Nxh5 20. Bxh5 Rfd8 21.
Bf3 Rc4 22. b3 Bxd4 23. exd4 Rc3 24. Re1 Be6 25. Bg5 Kf8 26. b5 axb5 27. Ra7
Rc7 28. Ra5 h6 29. Bxe7+ Rxe7 30. Rxb5 1/2-1/2

[Event "South Wales New Year Open "]
[Site "Bridgend"]
[Date "2017.01.08"]
[Round "4.5"]
[White "Taylor, Robert Graham"]
[Black "Bullen, Alex"]
[Result "0-1"]
[WhiteElo "1955"]
[BlackElo "2105"]
[PlyCount "154"]
[EventDate "2017.01.06"]
[EventType "swiss"]
[EventRounds "5"]
[EventCountry "WLS"]
[SourceDate "2017.01.06"]

1. Nf3 Nf6 2. c4 e6 3. e3 d5 4. b3 c5 5. Bb2 Nc6 6. Be2 d4 7. exd4 cxd4 8. d3
e5 9. O-O Bd6 10. Nbd2 O-O 11. a3 a5 12. Qc2 b6 13. Ng5 Nd7 14. Bf3 Bb7 15.
Nge4 Be7 16. Rfe1 Rc8 17. Nf1 f5 18. Neg3 Bd6 19. Bd5+ Kh8 20. Be6 Ne7 21. f4
exf4 22. Ne2 f3 23. gxf3 Bxf3 24. Bxd4 Nc6 25. Bf2 Qg5+ 26. Neg3 Rcd8 27. Bxd7
Rxd7 28. Nd2 Bg4 29. d4 Bxg3 30. hxg3 Nxd4 31. Bxd4 Rxd4 32. Nf1 Rfd8 33. Re5
h6 34. Rae1 Bh3 35. Qf2 Rd3 36. Re8+ Rxe8 37. Rxe8+ Kh7 38. Ne3 Rxb3 39. Re5
Qf6 40. Qf4 Rxa3 41. Kh2 Bg4 42. Nxg4 fxg4 43. Qe4+ Qg6 44. Qxg6+ Kxg6 45. Re6+
Kf5 46. Rxb6 Ra2+ 47. Kg1 Rc2 48. Rb5+ Ke4 49. c5 Kf3 50. Rxa5 Kxg3 51. Ra3+
Kh4 52. Ra7 Rxc5 53. Rxg7 Kg3 54. Kf1 Rc1+ 55. Ke2 h5 56. Rd7 Rc3 57. Kf1 h4
58. Rd1 Kf3 59. Kg1 g3 60. Rf1+ Ke2 61. Rf7 h3 62. Re7+ Kf3 63. Rf7+ Kg4 64.
Rf1 Rd3 65. Ra1 Kf3 66. Re1 Rd2 67. Kh1 Kf2 68. Rf1+ Ke2 69. Ra1 Rd1+ 70. Rxd1
Kxd1 71. Kg1 Ke2 72. Kh1 Ke3 73. Kg1 Ke4 74. Kh1 Kf5 75. Kg1 Kg4 76. Kh1 Kf3
77. Kg1 g2 0-1

[Event "South Wales New Year Open "]
[Site "Bridgend"]
[Date "2017.01.08"]
[Round "4.6"]
[White "Dixon, Chris"]
[Black "Howells, CHris"]
[Result "1/2-1/2"]
[WhiteElo "1799"]
[BlackElo "1814"]
[PlyCount "65"]
[EventDate "2017.01.06"]
[EventType "swiss"]
[EventRounds "5"]
[EventCountry "WLS"]
[SourceDate "2017.01.06"]

1. Nf3 d5 2. g3 Nf6 3. Bg2 Bf5 4. O-O e6 5. d3 Nbd7 6. Nbd2 c6 7. b3 Be7 8. Bb2
Qc7 9. Qe1 Bg6 10. e4 dxe4 11. dxe4 h6 12. a3 O-O 13. e5 Nd5 14. c4 N5b6 15.
Ne4 Nc5 16. Nxc5 Bxc5 17. Qe2 Rad8 18. Rfd1 Rxd1+ 19. Rxd1 Rd8 20. Rd2 Nc8 21.
Qd1 Be7 22. Rxd8+ Qxd8 23. Qxd8+ Bxd8 24. Nd2 Kf8 25. Ne4 Bxe4 26. Bxe4 Nb6 27.
Bd3 Bc7 28. f4 g6 29. Kf2 h5 30. Bd4 Nc8 31. h3 Ke8 32. Kf3 Bb6 33. Ke4 1/2-1/2

[Event "South Wales New Year Open "]
[Site "Bridgend"]
[Date "2017.01.08"]
[Round "4.7"]
[White "Pleasants, Allan J"]
[Black "Evans, Nicholas Thomas"]
[Result "1/2-1/2"]
[WhiteElo "2018"]
[BlackElo "1847"]
[PlyCount "68"]
[EventDate "2017.01.06"]
[EventType "swiss"]
[EventRounds "5"]
[EventCountry "WLS"]
[SourceDate "2017.01.06"]

1. c4 e6 2. g3 d5 3. Bg2 Nf6 4. Nc3 d4 5. Ne4 Nxe4 6. Bxe4 Nd7 7. d3 c6 8. Bd2
a5 9. Bg2 Be7 10. Nf3 e5 11. O-O O-O 12. Qc2 Rb8 13. e3 c5 14. Rfe1 f6 15. Re2
Ra8 16. Rae1 Nb8 17. exd4 cxd4 18. Nh4 Nc6 19. a3 f5 20. Bd5+ Kh8 21. Ng2 e4
22. dxe4 Ne5 23. exf5 d3 24. Qc3 dxe2 25. Qxe5 Bf6 26. Qxe2 Bxf5 27. Be3 Qc7
28. Nf4 Rae8 29. Qd2 Qe5 30. b4 axb4 31. Qxb4 Qc3 32. Bd2 Qxb4 33. axb4 Rxe1+
34. Bxe1 Re8 1/2-1/2

[Event "South Wales New Year Open "]
[Site "Bridgend"]
[Date "2017.01.08"]
[Round "4.8"]
[White "Qiu, Anlan"]
[Black "Waterfield, John W"]
[Result "0-1"]
[WhiteElo "1598"]
[BlackElo "1983"]
[PlyCount "74"]
[EventDate "2017.01.06"]
[EventType "swiss"]
[EventRounds "5"]
[EventCountry "WLS"]
[SourceDate "2017.01.06"]

1. e4 c5 2. Nc3 g6 3. Nf3 Bg7 4. d4 cxd4 5. Nxd4 Nc6 6. Be3 Nf6 7. f3 O-O 8.
Bc4 Qb6 9. Qd2 Nxe4 10. Nxe4 Bxd4 11. Bxd4 Qxd4 12. Qxd4 Nxd4 13. Kd2 d5 14.
Bxd5 Rd8 15. Nc3 e6 16. Bc4 Nb3+ 17. Ke3 Nxa1 18. Rxa1 b6 19. Bd3 Bb7 20. Ne4
Kg7 21. Re1 h6 22. Kf4 e5+ 23. Ke3 f5 24. Nd2 Kf6 25. Nc4 Rac8 26. b3 Rd5 27.
Kd2 Rcd8 28. a4 e4 29. fxe4 fxe4 30. Ne3 Rd4 31. Ng4+ Kg7 32. Kc3 exd3 33. Re7+
Kf8 34. Rxb7 dxc2 35. Kxc2 Rxg4 36. g3 Rgd4 37. Rxa7 Rd2+ 0-1